| 000 | 00395nam a2200121Ia 4500 | ||
|---|---|---|---|
| 008 | 160712s9999 xx 000 0 und d | ||
| 100 | _aMedrana, Jack G.L. | ||
| 245 |
_cJack G. L. Medrana _aIncorporating a Tourism Agenda in Public Archaeology Work |
||
| 260 |
_c2011 _bHukay |
||
| 300 | _avol. 16 | ||
| 650 | _xTOURISM | ||
| 856 | _uhttp://journals.upd.edu.ph/index.php/asp/issue/view/423/showToc | ||
| 999 |
_c297529 _d297529 |
||